أساسيات علم وظائف الأعضاء / (رقم التسجيلة. 114529)
[ عرض عادي ]
| 000 -LEADER | |
|---|---|
| fixed length control field | 00616nam a22001937a 4500 |
| 005 - DATE AND TIME OF LATEST TRANSACTION | |
| control field | 20251108174642.0 |
| 008 - FIXED-LENGTH DATA ELEMENTS--GENERAL INFORMATION | |
| fixed length control field | 250721s2008 xx 000 0 ara d |
| 020 ## - INTERNATIONAL STANDARD BOOK NUMBER | |
| International Standard Book Number | 9772935996 |
| 082 14 - DEWEY DECIMAL CLASSIFICATION NUMBER | |
| Classification number | 574.1/بيو |
| 100 1# - MAIN ENTRY--PERSONAL NAME | |
| Personal name | بيومي، محمد فتحي فرج |
| Relator term | مؤلف |
| 245 10 - TITLE STATEMENT | |
| Title | أساسيات علم وظائف الأعضاء / |
| 264 ## - PRODUCTION, PUBLICATION, DISTRIBUTION, MANUFACTURE, AND COPYRIGHT NOTICE | |
| Name of producer, publisher, distributor, manufacturer | مكتبة الدار العربية للكتاب، |
| Date of production, publication, distribution, manufacture, or copyright notice | 2008. |
| 300 ## - PHYSICAL DESCRIPTION | |
| Extent | 284 ص. |
| 650 17 - SUBJECT ADDED ENTRY--TOPICAL TERM | |
| Topical term or geographic name as entry element | الفسيولوجيا |
| 650 17 - SUBJECT ADDED ENTRY--TOPICAL TERM | |
| Topical term or geographic name as entry element | علم الاحياا |
| 700 1# - ADDED ENTRY--PERSONAL NAME | |
| Personal name | عبد السميع، هاني عبد الحميد |
| 942 ## - ADDED ENTRY ELEMENTS (KOHA) | |
| Source of classification or shelving scheme | Dewey Decimal Classification |
| Koha item type | كتب |
| حالة السحب | حالة الفقدان | مصدر التصنيف | حالة التلف | غير قابل للإعارة | المكتبة الرئيسية | المكتبة الحالية | موقع الرف | تاريخ التزويد | الرقم المتسلسل | Total Checkouts | رقم الإستدعاء | الباركود | تاريخ آخر ظهور | تاريخ الفاتورة | نوع المادة (كوها) |
|---|---|---|---|---|---|---|---|---|---|---|---|---|---|---|---|
| Dewey Decimal Classification | مكتبة أم قصير والمقابلين العامة | مكتبة أم قصير والمقابلين العامة | الإعارة | 28/07/2025 | 1240128 | 574.1/بيو | PLD00046673 | 28/07/2025 | 28/07/2025 | كتب | |||||
| Dewey Decimal Classification | مكتبة حمزة العامة | مكتبة حمزة العامة | الإعارة | 27/10/2008 | 1240131 | 574.1/بيو | PLD00047316 | 28/07/2025 | 27/10/2008 | كتب |